Separated Apostles Quiz Stats

 Plays Quiz Updated Jun 6, 2017

Support Sporcle.
Go Orange.
Score 0/12 Timer 00:30
1 Play Today
% Correct
Bartho
94.5%
An
87.7%
Mat
85.8%
Ja
83.8%
Ju
81.3%
Phi
79.6%
Pe
79.3%
Jo
79.2%
Si
75.9%
Thad
75.6%
Tho
73.9%
Ja
60.6%

You're not logged in!

Compare scores with friends on all Sporcle quizzes.
OR
Log In
Forgot?

From the Vault

The Lonely Vowel

by puckett86

Maybe these vowels could join an activity center and make some new friends.
Remove Ads.
Support Sporcle.
Get the best of Sporcle when you Go Orange. This ad-free experience offers more features, more stats, and more fun while also helping to support Sporcle. Thank you for becoming a member.

Show Comments

Extras

Top Quizzes Today


Score Distribution

Your Account Isn't Verified!

In order to create a playlist on Sporcle, you need to verify the email address you used during registration. Go to your Sporcle Settings to finish the process.

Report this User

Report this user for behavior that violates our Community Guidelines.

Details: